• 首页
  • 本馆介绍
  • 公告通知
  • 最新文献
  • 馆藏检索
  • 电子资源
  • 读者导购
  • 参考咨询
  • 我的图书馆
  • 登录
  • 详细信息显示
  • 放入我的书架
  • 预约/预借图书
  • 作者相关作品
  • 分类相关作品
  • 丛书相关作品
  • 出版社相关作品

书目信息

  • 表格格式
  • 工作单格式
  • 卡片格式
题名:
学前教育
    
 
作者: ;人民教育出版社《外国教育丛书》编辑组 编
分册:  
出版信息: 北京   人民教育出版社  1980
页数: 178页
开本: 19cm
丛书名: 外国教育丛书
单 册:
中图分类: G61
科图分类:
主题词: 学前教育--概况--外国
电子资源:
ISBN:
000 00850nam2 2200253 45
001 0180001316
005 20060817144557.51
010    @dCNY0.40
091    @a7012.0103
100    @a19950706d1980 em y0chiy0121 ea
101 0  @achi
102    @aCN@b110000
105    @ay z 000yy
200 10 @a学前教育@Axue qian jiao yu@f人民教育出版社《外国教育丛书》编辑组编@Fren min jiao yu chu ban she《wai guo jiao yu cong shu》bian ji zu bian
210    @a北京@c人民教育出版社@d1980
215    @a178页@d19cm
225 2  @a外国教育丛书
410  0 @120010@a外国教育丛书
606    @a学前教育@x概况@y外国
690    @aG61
711 02 @a人民教育出版社《外国教育丛书》编辑组@Aren min jiao yu chu ban she《wai guo jiao yu cong shu》bian ji zu@4编
801  0 @aCN@b上海图书馆@c20060817
801  2 @aCN@bNLC@c20060116
905    @f1@b35629@f1@b35625@dG61@e12
    
    学前教育/人民教育出版社《外国教育丛书》编辑组编.-北京:人民教育出版社,1980
    178页;19cm.-(外国教育丛书)
    
    
    ISBN :CNY0.40
    
●
相关链接 在E读中查询图书 在五车中查询图书 在当当中查询图书 在豆瓣中查询图书


正题名:学前教育     索取号:G61/12         预约/预借

序号 登录号 条形码 馆藏地/架位号 状态 备注
1 0035623   001721168   密集书库/ [索取号:G61/12] 在馆    
2 0035624   001721140   密集书库/ [索取号:G61/12] 在馆    
3 0035625   000464651   第四借阅区/ [索取号:G61/12] 在馆    
4 0035626   001721131   密集书库/ [索取号:G61/12] 在馆    
5 0035627   202158574   密集书库/ [索取号:G61/12] 在馆    
6 0035628   202173842   密集书库/ [索取号:G61/12] 在馆    
7 0035629   000464697   密集书库/ [索取号:G61/12] 在馆    
8 0035630   001721211   密集书库/ [索取号:G61/12] 在馆    
9 0035631   001721060   密集书库/ [索取号:G61/12] 在馆    
10 0035632   001721122   密集书库/ [索取号:G61/12] 在馆    
11 0035633   001721202   密集书库/ [索取号:G61/12] 在馆    
12 0035634   001721177   密集书库/ [索取号:G61/12] 在馆    
13 0035635   001721186   密集书库/ [索取号:G61/12] 在馆    
14 0035636   202135821   密集书库/ [索取号:G61/12] 在馆    
15 0035637   000464777   第一样本阅览室/ [索取号:G61/12] 在馆    
16 0465354   204653543   密集书库/ [索取号:G61/12] 在馆    
唐山师范学院图书馆 欢迎您!
大连网信软件有限公司© 版权所有